| 000 | 00380nam a22001337a 4500 | ||
|---|---|---|---|
| 008 | 140126b xxu||||| |||| 00| 0 eng d | ||
| 082 |
_29th ed. _a347.06 _bMON |
||
| 100 | _aM.MONIR | ||
| 245 |
_aTEXTBOOK ON THE LAW OF EVIDENCE. _cMONIR,M. |
||
| 250 | _a9 ED. | ||
| 260 |
_aINDIA _bLAW PUBLISHING CO.PVT.LTD. _c2013. |
||
| 300 |
_acvi,526 p. _bincludes index. _c24cm. |
||
| 942 |
_2ddc _cBK |
||
| 999 |
_c5841 _d5841 |
||